[Event "XV South American-ch Open U20 2019"]
[Site "Asuncion"]
[Date "2019.05.15"]
[Round "7.4"]
[White "Heinechen, Juan"]
[Black "Coro, Lucas"]
[Result "0-1"]
[WhiteElo "2123"]
[BlackElo "2315"]
[Annotator "TA"]
[PlyCount "84"]
[EventDate "2019.05.11"]
[EventType "swiss"]
[EventCountry "PAR"]
[SourceTitle "playchess.com"]
[Source "ChessBase"]
[SourceQuality "1"]

{[%evp 11,86,10,6,19,16,10,1,0,93,81,75,49,36,4,70,66,74,77,133,110,150,149,275,149,217,208,226,212,202,233,216,208,195,194,199,203,243,310,278,161,271,175,678,605,902,615,566,-41,-58,-100,-104,-171,-181,-904,-892,-1034,-1125,-29948,-29959,-29972,-6070,-5683,-5608,-5387,-5193,-4627,-4627,-4627,-4631,-29975,-29979,-29978,-29977,-29995,-29996,-29996,-29997]} 1. e4 c6 2. d4 d5 3. Nc3 dxe4 4. Nxe4 Nf6 5. Ng3 h5 6. Bc4 h4 7. N3e2 {B15: Caro-Kann: 3 Nc3: 3...g6 and 3...dxe4 4 Nxe4 Nf6 5 Nxf6+ exf6} (7. Nf1 h3 8. g3 e5 9. Be3 e4 10. c3 Nbd7 11. Qb3 Qe7 12. Bg5 Rh5 13. Bxf6 gxf6 14. Be2 Rh8 {½-½ (75) Stanojoski,Z (2451)-Jovic,S (2259) Struga 2018}) 7... Bf5 8. Nf3 e6 9. h3 {The position is equal.} Bb4+ $146 (9... Be4 $11) ({Predecessor:} 9... Be4 10. Nf4 Bd6 11. O-O Qc7 12. Nd3 Nbd7 13. Ng5 Bd5 14. Bxd5 cxd5 {½-½ (78) Csiszar,V (1906)-Kende,G (2036) Hungary 2018}) 10. c3 $16 Be7 11. Nf4 Nbd7 12. Nd3 Be4 (12... Nd5 $11) 13. O-O $14 a6 14. Re1 c5 (14... b5 $142 15. Bb3 c5) 15. Ng5 Bf5 16. Nf4 {[%cal Rc4e6] Strongly threatening Bxe6!} cxd4 {[#]} (16... O-O $16 17. Nxf7 Rxf7) 17. cxd4 (17. Bxe6 $1 $18 {[%mdl 512]} Bxe6 18. Ngxe6 fxe6 19. Nxe6 {[%mdl 64] Double Attack}) 17... Rc8 {[#]} (17... O-O $16) 18. Bxe6 $1 $18 {[%mdl 512]} fxe6 (18... Bxe6 19. Nfxe6) 19. Nfxe6 Bxe6 20. Nxe6 $40 {[%mdl 128] White has strong attack.} Qb6 21. Qd3 {[%cal Rd3g6]} ({Worse is} 21. Nxg7+ Kf7 $11) 21... Nf8 22. Nxg7+ Kf7 23. Nf5 $1 {[%mdl 1024] White has strong compensation.} ({Don't blunder} 23. Qf5 $2 Rc7 $19) 23... Ng6 24. Bg5 Rh5 25. f4 (25. Nxe7 $142 Nxe7 26. Rxe7+ $1 {[%mdl 512]} (26. Qe3 Ned5 $17) 26... Kxe7 27. Qe2+ Kf8 28. Bxf6 Qxf6 29. Qxh5) 25... Rhh8 (25... Bf8 {was necessary.}) 26. b4 {Qb3+ is the strong threat.} Qxb4 $2 (26... Qc6) 27. Rab1 Qa5 28. Rxe7+ Nxe7 29. Rxb7 $2 (29. Nxe7 $18 {Intending Qg6+ and mate.} Kxe7 30. d5 Qc5+ 31. Kh2) 29... Rc7 $1 $15 {Threatens to win with ...Qe1+.} 30. Qb3+ Ned5 31. Rxc7+ (31. Nxh4 $17 {was worth a try.} Rxb7 32. Qxb7+ Qc7 33. Qxa6) 31... Qxc7 $19 32. Bxf6 $2 (32. Nh6+ Kg7 33. Nf5+ Kh7 34. Nxh4) 32... Qc1+ 33. Kh2 Qxf4+ 34. Kg1 Kxf6 35. Qxd5 Qxf5 (35... Rb8 $142 36. Qc6+ Kxf5 37. Qc2+ Kf6 38. a3 Qxd4+ 39. Kh1 Qa1+ {[%mdl 64] Double Attack} 40. Kh2 Qe5+ 41. Kg1 Qe1+ 42. Kh2 Qe5+ 43. Kh1 Rb2 44. Qd3 Kg7 45. Kg1 Ra2 46. Qd7+ Kh6 47. Qc6+ Kg5 48. Qc1+ Kh5 49. Qd1+ Kh6 50. Qc1+ Kg7 51. a4 Qg3 52. Qf1 Qe3+ 53. Kh2 Qe5+ 54. Kg1 Re2 55. Kh1 {[#]} Re1 $1 {[%mdl 512]} 56. Qg1 Rxg1+ 57. Kxg1 Qe1+ 58. Kh2 a5 59. g4 hxg3+ 60. Kg2 Qf2+ 61. Kh1 Qh2#) 36. Qd6+ Kg5 37. Qe7+ Kh5 38. Qe2+ Kg6 39. Qxa6+ Kg5 40. Qb7 Re8 {Black mates.} 41. Qg7+ Qg6 42. Qd7 Qb1+ 0-1

[Event "XV South American-ch Open U20 2019"]
[Site "Asuncion"]
[Date "2019.05.15"]
[Round "7.5"]
[White "Cadilhac, Igor Tokuichi Kikuc"]
[Black "Aguilar, Luis Miguel"]
[Result "1-0"]
[WhiteElo "2288"]
[BlackElo "2193"]
[Annotator "TA"]
[PlyCount "167"]
[EventDate "2019.05.11"]
[EventType "swiss"]
[EventCountry "PAR"]
[SourceTitle "playchess.com"]
[Source "ChessBase"]
[SourceQuality "1"]

{[%evp 16,167,43,13,44,-5,48,48,50,53,47,42,73,56,55,48,122,68,156,151,163,68,79,78,95,89,114,110,116,114,122,97,115,102,125,118,113,98,135,136,141,93,140,127,139,110,148,151,166,151,224,230,297,301,319,304,417,377,389,313,376,377,444,375,491,497,583,588,619,608,596,585,557,531,449,472,449,403,413,396,397,397,406,419,573,577,995,964,1184,682,647,629,639,633,581,485,456,350,708,701,901,877,1084,1100,983,720,485,31,24,16,13,-63,0,0,840,-592,173,0,1197,604,525,171,1614,163,823,313,2187,262,29985,0,29987,-603,29991,-610,239,-564,408,244,217,193,12794,20,29983,1414,29988,3081,29990,588,29993,-5069,29989,8,29995,-643]} 1. e4 d6 2. d4 Nf6 3. Nc3 Nbd7 4. Nf3 e5 5. Bc4 Be7 6. O-O c6 7. a4 {[%cal Ba2a4,Ba4a5][%mdl 32]} O-O 8. h3 Qc7 9. a5 Rd8 $146 {C41: Philidor Defence} ({Predecessor:} 9... exd4 10. Nxd4 Ne5 11. Bb3 Re8 12. Re1 Bd7 13. f4 Ng6 14. Qd3 Bf8 15. Be3 b5 16. axb6 axb6 17. Qc4 Rxa1 18. Rxa1 {0-1 (47) Sadzikowski,D (2480)-Kunin,V (2571) Germany 2015}) 10. d5 Nf8 (10... b5 $11 11. axb6 Nxb6) 11. Be3 $14 Bd7 {White is slightly better.} 12. Qe2 h6 13. Bb3 Be8 14. Nd2 Ng6 15. g3 Nd7 (15... Qc8 $14) 16. h4 (16. a6 $16) 16... Bf6 (16... Nf6 $14) 17. Rfd1 Ne7 18. f3 ({Better is} 18. a6 $18) 18... Nc5 19. Ba2 Na6 20. Qf2 Nc8 21. Kg2 $36 {[%mdl 2048] White has strong initiative.} Nb4 22. Bb3 Be7 23. Nf1 Na6 24. Qd2 Nc5 25. Ba2 Na6 26. Bf2 Kh7 27. Ne3 Bf8 28. Ne2 Qb8 29. Bc4 Nc7 30. Bb3 c5 31. f4 b5 32. c3 a6 (32... h5 $16 {was worth a try.} 33. Bc2 f6) 33. f5 $18 Ra7 34. g4 Na8 35. Ng3 Be7 36. Rh1 f6 37. Nef1 Kg8 38. Nh2 Bf7 39. Nf3 Kf8 40. g5 Ke8 41. gxh6 gxh6 42. Qxh6 Kd7 43. Qg7 Rf8 44. h5 Nc7 45. Nh4 Ne8 46. Qg4 {Threatens to win with Ng6.} Rh8 47. Ng6 Rh7 48. h6 Rb7 49. Nh5 c4 50. Bc2 b4 51. Ba4+ Kd8 52. Bc6 bxc3 53. Bxb7 cxb2 54. Rab1 Qxb7 55. Qe2 c3 56. Qc2 Nc7 $2 (56... Bxd5 57. exd5 Qxd5+ 58. Kg3 Qc6 59. Bb6+ Kd7) 57. Qxc3 Nxd5 58. Rxb2 Nxc3 59. Rxb7 Nxe4 60. Bb6+ Nxb6 61. Nxe7 $2 ({Only move:} 61. axb6 $18 Bd5 62. Rb8+ Kd7 63. Nxe7 Kxe7 64. Rd1 Rxh6 65. Rxd5 Rxh5 66. b7 Rxf5 67. Re8+ $1 {[%mdl 576] Decoy, Clearance, Promotion} Kxe8 68. b8=Q+ Kd7 69. Rd3 Rg5+ 70. Kf1) 61... Nd7 $14 62. Nc6+ Kc8 63. Rb2 ({White should try} 63. Ra7 $11 Bd5 64. Nb4 {[%mdl 64] Double Attack}) 63... Rxh6 (63... Bd5 $1 $15 64. Nb4 Bb7 65. Rc1+ Nec5+ 66. Kg1 Rxh6) 64. Ng7 $11 Nec5 $2 {[%mdl 8192]} (64... Rxh1 $11 65. Kxh1 Ng5) 65. Kg1 $4 {[%mdl 8192]} (65. Na7+ $18 {and all is fine.} Kd8 66. Rxh6) 65... Kc7 $4 {[%mdl 8192]} (65... Rxh1+ $19 66. Kxh1 Bd5+ {[%mdl 64] Double Attack} 67. Kh2 Bxc6) 66. Nb4 $2 (66. Rxh6 $18 Kxc6 67. Rb1) 66... Bc4 $2 {[%mdl 8192]} (66... Rxh1+ $11 67. Kxh1 d5) 67. Ne8+ Kd8 {Strongly threatening ...Rxh1+.} 68. Nxd6 $2 (68. Rxh6 Kxe8 69. Rh8+ Nf8 70. Rc2) 68... Bg8 $2 (68... Rxh1+ 69. Kxh1 Bg8) 69. Rc2 $2 (69. Rxh6 Ke7 70. Rd2) 69... Bb3 $2 (69... Rxh1+ 70. Kxh1 Ke7) 70. Rc3 $2 (70. Rxh6 Bxc2 71. Nxc2) 70... Bd1 $2 (70... Rxh1+ 71. Kxh1 Ba4) 71. Nd5 $2 (71. Rxh6 {Intending Rh7 and mate.} Ke7 72. Nc8+ Ke8 73. Nd5) 71... Be2 $2 (71... Rxh1+ $18 72. Kxh1 Bb3) 72. Kf2 $2 (72. Nf7+ Ke8 73. Nd6+ Kf8 74. Rxh6 Bd3 75. Nxf6 Bc4 76. Nxd7+ Nxd7 77. Rxc4) 72... Bd3 $2 {[%mdl 8192]} (72... Rxh1 $11 73. Kxe2 Rh2+ 74. Ke1 e4) 73. Ke3 $4 {[%mdl 8192]} (73. Rxh6 Be4 74. Rh8+ Nf8 75. Nxf6 Bd5 76. Rxc5 Be6 77. fxe6 Ke7 78. Nfe4) 73... Bb1 $4 {[%mdl 8192]} (73... Rxh1 $19 74. Nf7+ Ke8 75. Nd6+ Kf8) 74. Nxf6 $4 {[%mdl 8192]} (74. Rxh6 {is the narrow road to win.} Ba2 75. Rh8+ Nf8 76. Rxf8+ {[%mdl 64] Double Attack} Kd7 77. Rxc5 Kxd6 78. Rcc8 e4 79. Rfd8+ Ke5 80. Ne7 Bf7 81. Rc5+ Bd5 82. Rdxd5#) 74... Nxf6 $4 {[%mdl 8192]} (74... Rxh1 $19 {avoids the disaster.} 75. Kd2 Bxf5 76. Nxd7 Kxd7 77. Nxf5 Ne4+ {[%mdl 64] Double Attack} 78. Kd3 Nxc3 79. Kxc3 Ra1) 75. Rxc5 $4 {[%mdl 8192]} (75. Rxh6 $18 Ng4+ 76. Kf3 Nxh6 77. Rxc5) 75... Kd7 $4 {[%mdl 8192]} (75... Rxh1 $19 {and life is good for Black.} 76. Kd2 Bxf5 $1 {[%mdl 512]} 77. Rxe5 Bd7 78. Nb7+ Kc7) 76. Rcc1 ({Don't play} 76. Rxb1 Kxd6 77. Rc8 Rh3+ 78. Ke2 Rh2+ 79. Kf3 Rh5) (76. Rxh6 $142 Ng4+ 77. Kf3 Nxh6 78. Rxe5) 76... Nd5+ $18 77. Kd2 Ba2 $2 (77... Rxd6 78. Rxb1 Ne7+ 79. Kc3 Nxf5 80. Rh7+ Ke6) 78. Nc4 $2 (78. Rxh6 $18 Ne7 79. f6) 78... e4 $2 {[%mdl 8192]} (78... Rxh1 $11 79. Nxe5+ Kd6 80. Nf7+ Ke7 81. Rxh1 Kxf7) 79. Nb6+ (79. Rxh6 $142 Ke7 80. Rxa6 Bb3 81. Re6+ {[%mdl 64] Double Attack} Kf8 82. a6 Nc7 83. a7 Kg8 84. Re7) 79... Kd6 80. Nxd5 (80. Rxh6+ $142 Ke5 81. Nxd5 Kd4 82. Ne7 e3+ 83. Ke2 Bb3 84. Rxa6 Ke4 85. Re6+ $1 {[%mdl 576] Promotion} Bxe6 86. fxe6) 80... Bxd5 81. Ke3 (81. Rxh6+ $142 Kd7 82. Rxa6 Bg8 83. Ke3 Bd5 84. Rd1 $1 {[%mdl 512]} Kc8 85. Rxd5 Kb7 86. Re6) 81... Ke5 82. Rc5 $4 {[%mdl 8192]} (82. Rxh6 {was the only winning move.} Kxf5 83. Rc5 $1 {[%mdl 512]} Kg5 84. Rxa6 Kh4 85. Rxd5 Kg3 86. Rg6+ Kh4 87. a6 Kh3 88. Rh5#) 82... Kd6 $4 {[%mdl 8192] [#]} (82... Rxh1 $19 83. f6 Rh3+ 84. Ke2 Kd4) 83. Kd4 $2 (83. Rxd5+ $1 {[%mdl 512] mates} Kxd5 84. Rxh6 Ke5 85. Rxa6 Kxf5 86. Rb6 Ke5 87. a6 Kd5 88. a7) 83... Bb7 $2 {[%mdl 8192]} (83... Rxh1 $11 84. Rxd5+ Ke7 85. Kxe4 Ra1 86. Re5+ Kf8) 84. Re5 $4 {[%mdl 40960] Accuracy: White = 31%, Black = 16%. . Loss on time!?} (84. Rxh6+ Kd7 85. Rh7+ Ke8 86. Rxb7 Kd8 87. Kxe4 Ke8 88. Rc8#) 1-0

[Event "XV South American-ch Open U20 2019"]
[Site "Asuncion"]
[Date "2019.05.15"]
[Round "7.6"]
[White "Estrada Lavin, Cristian Alexand"]
[Black "Suarez, Pedro"]
[Result "1-0"]
[WhiteElo "2116"]
[BlackElo "2077"]
[Annotator "TA"]
[PlyCount "86"]
[EventDate "2019.05.11"]
[EventType "swiss"]
[EventCountry "PAR"]
[SourceTitle "playchess.com"]
[Source "ChessBase"]
[SourceQuality "1"]

{[%evp 18,86,27,6,18,-21,-13,-18,-8,-6,3,1,4,0,0,0,0,-10,0,0,0,0,0,-2,27,19,32,24,52,46,48,50,48,20,59,59,69,55,83,83,85,83,88,77,79,89,147,147,147,147,210,196,239,223,258,254,269,267,433,430,473,303,725,688,675,613,29990,29991,29997,29998,29998]} 1. Nf3 Nf6 2. g3 b6 3. Bg2 Bb7 4. b3 e6 5. Bb2 d5 6. c4 dxc4 7. bxc4 c5 8. O-O Be7 9. d3 O-O 10. Nbd2 Nc6 {A14: English Opening: 1...e6 with b3 by White} 11. Qc2 $146 ({Predecessor:} 11. Ne5 Qc7 12. Ndf3 Nxe5 13. Bxe5 Qd7 14. a4 Qc8 15. a5 Nd7 16. Bc3 Bc6 17. Qc2 Bf6 18. Bxf6 Nxf6 {½-½ (30) So,W (2815)-Carlsen,M (2832) chess.com INT 2017}) 11... Qc7 12. Bc3 Rfd8 {The position is equal.} 13. Qb2 Rac8 14. Nb3 Ne8 15. Rab1 Ba8 16. Ne5 Bf6 {[%cal Rc6e5]} 17. Nxc6 Bxc6 18. Bxf6 Nxf6 19. Bxc6 Qxc6 20. Nd2 Qd6 21. a4 {[%cal Ba2a4,Ba4a5][%mdl 32]} e5 22. f3 Qd4+ 23. Qxd4 exd4 24. a5 Rc6 25. Ne4 Nd7 26. g4 Re8 27. Rb2 Kf8 28. Ra1 h6 29. axb6 axb6 30. Kf2 g6 31. h4 f5 {[#]} ({Black should play} 31... Rc7) 32. gxf5 $1 $16 gxf5 {[#]} 33. Ng3 $1 Rf6 (33... Nf6 $16 34. Nxf5 Nh5) 34. Nh5 $18 Rd6 35. Nf4 Kf7 36. Ra7 Rb8 37. Rb1 Kf8 $2 (37... Rd8 38. h5 Rb8) 38. Rg1 b5 39. Ng6+ Ke8 $2 {[#]} (39... Kf7 40. cxb5 Ke6 41. Nf4+ Ke5) 40. Ne5 $1 {[%mdl 512] Black must now prevent Rg8+.} Nf6 (40... Nxe5 41. Rg8#) 41. cxb5 Rxb5 42. Rgg7 Rb8 43. Rge7+ Kd8 {Accuracy: White = 80%, Black = 32%.} 1-0

[Event "XV South American-ch Open U20 2019"]
[Site "Asuncion"]
[Date "2019.05.15"]
[Round "7.7"]
[White "Gomez Barrera, Gonzalo Andres"]
[Black "Vazquez, Facundo"]
[Result "0-1"]
[WhiteElo "2058"]
[BlackElo "2086"]
[Annotator "NA RC"]
[PlyCount "60"]
[EventDate "2019.05.11"]
[EventType "swiss"]
[EventCountry "PAR"]
[SourceTitle "playchess.com"]
[Source "ChessBase"]
[SourceQuality "1"]
[TimeControl "5400+30"]

1. e4 e6 2. d4 d5 3. Nc3 Bb4 4. e5 b6 5. Qg4 Bf8 6. Bg5 Qd7 7. O-O-O Nc6 8. Kb1 Bb7 9. Nge2 h6 10. Be3 O-O-O 11. Ng3 g6 12. h4 h5 13. Qf3 Na5 14. Bg5 Re8 $14 15. Bb5 c6 16. Bd3 Kb8 17. a3 Ba8 18. b4 Nb7 19. Na2 Rc8 20. c3 Nd8 21. Bxg6 Bxb4 22. axb4 fxg6 23. Ne2 Nf7 24. Bf6 Nxf6 25. Qxf6 Rhg8 26. Nf4 Nd8 27. Rd3 c5 28. Nxg6 Rc7 29. Nf4 Qh7 30. Kb2 Rf7 0-1

[Event "XV South American-ch Open U20 2019"]
[Site "Asuncion"]
[Date "2019.05.15"]
[Round "7.8"]
[White "Mayeregger, Arnold"]
[Black "Orrego Palermo, Marcelo"]
[Result "1-0"]
[WhiteElo "1913"]
[BlackElo "1632"]
[Annotator "NA RC"]
[PlyCount "53"]
[EventDate "2019.05.11"]
[EventType "swiss"]
[EventCountry "PAR"]
[SourceTitle "playchess.com"]
[Source "ChessBase"]
[SourceQuality "1"]
[TimeControl "5400+30"]

1. c4 Nf6 2. g3 e6 3. Bg2 c5 4. Nf3 Be7 5. O-O O-O 6. Nc3 d6 {A30: Symmetrical English: Double Fianchetto and Hedgehog} (6... a6 7. b3 d6 8. Bb2 b6 9. d4 cxd4 10. Nxd4 Ra7 11. e3 Bb7 12. Bxb7 Rxb7 13. f4 Qd7 14. g4 Nc6 15. g5 Ne8 16. Nxc6 Qxc6 {1-0 (54) Nisipeanu,L (2678)-Enders,P (2460) Germany 2016}) 7. b3 Nbd7 8. Bb2 a6 9. e3 Rb8 10. a4 b6 11. d3 $146 ({Predecessor:} 11. d4 Re8 12. Qc2 Qc7 {1-0 (54) Janko,M (2271)-Bezuch,M (2198) Slovakia 2010}) 11... Bb7 12. e4 Qc7 13. Ne1 d5 14. cxd5 exd5 15. f4 dxe4 16. dxe4 Rfd8 17. Qe2 Nf8 18. e5 Bxg2 19. Nxg2 Ne8 20. f5 c4 21. bxc4 Rbc8 22. Nd5 Bc5+ 23. Kh1 Qc6 24. Ngf4 $18 Nc7 25. Qf3 Qe8 26. Qg4 b5 27. Nf6+ 1-0

[Event "XV South American-ch Open U20 2019"]
[Site "Asuncion"]
[Date "2019.05.15"]
[Round "7.9"]
[White "Ayala Ruiz, Miguel Angel"]
[Black "Gimenez Aguirre, Alejo Ismael"]
[Result "0-1"]
[WhiteElo "1444"]
[BlackElo "2247"]
[Annotator "TA"]
[PlyCount "64"]
[EventDate "2019.05.11"]
[EventType "swiss"]
[EventCountry "PAR"]
[SourceTitle "playchess.com"]
[Source "ChessBase"]
[SourceQuality "1"]

{[%evp 20,64,-34,-86,-60,-67,-68,-101,-76,-181,-177,-203,-219,-212,-220,-215,-202,-252,-180,-181,-172,-281,-188,-187,-143,-173,-166,-187,-179,-232,-184,-275,-281,-564,-558,-552,-547,-597,-569,-737,-741,-821,-791,-29964,-29964,-5498,-5231]} 1. e4 c5 2. Nf3 g6 3. d4 cxd4 4. Nxd4 Bg7 5. Nc3 Nc6 6. Be3 Nf6 7. f3 O-O 8. Qd2 d5 9. exd5 Nxd5 10. Nxc6 bxc6 11. Bd4 ({White should play} 11. Nxd5 $15 cxd5 12. c3) 11... e5 {B34: Sicilian: Accelerated Dragon with 5 Nc3: sidelines} (11... Bxd4 12. Qxd4 e5 13. Qd2 Nxc3 14. Qxc3 e4 15. f4 Bg4 16. h3 Qh4+ 17. g3 Qh5 18. Bg2 Be6 19. Qe5 Bf5 20. O-O {0-1 (53) Bruedigam,M (2312)-Rosenthal,D (2401) Germany 2014}) 12. Bc5 Re8 {White must now prevent ...e4!} 13. Ne4 f5 {Black is better.} 14. Nd6 {[#]} (14. O-O-O $17) 14... Bf8 $1 $19 15. c4 $146 ({Predecessor:} 15. Bc4 Be6 16. Bxd5 Bxd5 17. Nxe8 Bxc5 18. c4 Bxc4 19. Qc3 {0-1 (31) Velez Saavedra,A (1998)-De Nacimiento Montano,A (2134) Spain 2009}) 15... Bxd6 16. Bxd6 Qxd6 17. cxd5 cxd5 18. Bc4 Bb7 {aiming for ...e4.} 19. Rd1 {[%cal Rc4d5]} Rad8 20. Bb3 (20. Qa5 $142) 20... Qb6 {Threatens to win with ...e4.} 21. Qf2 Qxf2+ 22. Kxf2 Kf7 23. Rhe1 {[#]} Kf6 $1 24. h4 (24. f4 $142) 24... h6 25. g4 (25. Rc1 {was necessary.}) 25... d4 26. a3 $2 (26. Kg3) 26... fxg4 27. fxg4 e4 28. Kg3 Ke5 29. Bc4 Rf8 30. Re2 {[#]} d3 $1 {[%mdl 576] Decoy} 31. Rxd3 (31. Bxd3 Rf3+) 31... Rxd3+ 32. Bxd3 Rf3+ {[%mdl 64] Double Attack. Accuracy: White = 11%, Black = 88%.} 0-1

[Event "XV South American-ch Open U20 2019"]
[Site "Asuncion"]
[Date "2019.05.15"]
[Round "7.10"]
[White "Cosme Contreras, Trilce"]
[Black "Araoz Andrade, Ivan Alexander"]
[Result "1-0"]
[WhiteElo "2051"]
[BlackElo "1843"]
[Annotator "NA RC"]
[PlyCount "63"]
[EventDate "2019.05.11"]
[EventType "swiss"]
[EventCountry "PAR"]
[SourceTitle "playchess.com"]
[Source "ChessBase"]
[SourceQuality "1"]
[TimeControl "5400+30"]

1. d4 Nf6 2. c4 g6 3. Nc3 d5 4. cxd5 Nxd5 5. e4 Nxc3 6. bxc3 Bg7 7. Nf3 c5 8. Rb1 O-O 9. Be2 cxd4 10. cxd4 Qa5+ 11. Bd2 Qxa2 12. O-O Nc6 13. d5 Ne5 14. Nxe5 Bxe5 15. Bb4 Bf6 16. f4 Rd8 17. Bf3 a5 18. Bc5 e5 19. Qc1 $11 (19. Bb6 $14 Re8 20. f5) 19... Qa4 20. Qa3 Qe8 21. Bb6 Rd6 22. Qc5 Qe7 23. Bc7 Rd7 24. d6 Qe6 25. f5 Qa2 26. Rbe1 g5 27. Be2 a4 28. Bc4 Qd2 29. Rd1 Rxc7 30. Qxc7 Qe3+ 31. Kh1 b5 32. Qxf7+ 1-0

[Event "XV South American-ch Open U20 2019"]
[Site "Asuncion"]
[Date "2019.05.15"]
[Round "7.11"]
[White "Allo Collante, Enrique"]
[Black "Melian, Juan Sebastian"]
[Result "0-1"]
[WhiteElo "1595"]
[BlackElo "1786"]
[Annotator "NA RC"]
[PlyCount "54"]
[EventDate "2019.05.11"]
[EventType "swiss"]
[EventCountry "PAR"]
[SourceTitle "playchess.com"]
[Source "ChessBase"]
[SourceQuality "1"]
[TimeControl "5400+30"]

1. c4 e6 2. Nc3 Nf6 3. Nf3 c5 4. e3 Nc6 5. d4 cxd4 6. exd4 d5 7. Bf4 Bd6 8. Bxd6 Qxd6 9. c5 Qe7 10. Bb5 O-O 11. O-O Bd7 12. Re1 b6 13. Bxc6 Bxc6 14. Ne5 Qb7 15. Nxc6 Qxc6 16. b4 bxc5 17. bxc5 Rab8 18. Qd3 Nd7 19. f4 Rfc8 20. Rac1 Rb4 21. Kh1 g6 22. Red1 Rc4 23. Rb1 Rb8 24. Rxb8+ Nxb8 25. Rb1 Na6 26. a3 Kg7 27. Nb5 Qxb5 0-1

[Event "XV South American-ch Open U20 2019"]
[Site "Asuncion"]
[Date "2019.05.15"]
[Round "7.12"]
[White "Menacho Admen, Victor Gabriel"]
[Black "Avalos Sanabria, Augusto Alfredo"]
[Result "0-1"]
[WhiteElo "1103"]
[BlackElo "1474"]
[Annotator "NA RC"]
[PlyCount "168"]
[EventDate "2019.05.11"]
[EventType "swiss"]
[EventCountry "PAR"]
[SourceTitle "playchess.com"]
[Source "ChessBase"]
[SourceQuality "1"]
[TimeControl "5400+30"]

1. e4 c5 2. Nf3 d6 3. d4 cxd4 4. Nxd4 Nf6 5. Nc3 g6 6. Bc4 Bg7 7. Nf3 Nc6 8. O-O h6 9. Re1 O-O 10. h3 a6 11. b3 b5 12. Bd3 Bb7 13. Bb2 Rc8 14. Qd2 Qd7 15. Nd5 Nxd5 16. Bxg7 Kxg7 17. exd5 Nd8 18. c4 e6 19. Be2 f5 20. a4 bxc4 21. bxc4 Nf7 22. Bf1 e5 23. Qd3 Kh7 24. Nh4 e4 25. Qg3 g5 26. Nxf5 Qxf5 27. Rad1 Rce8 28. f3 Qf4 29. Qxf4 gxf4 30. Rxe4 Rxe4 31. Bd3 Ne5 32. fxe4 Nxd3 33. Rxd3 Re8 34. Rb3 Re7 35. Kf2 Kg6 36. g3 Rf7 37. Kg2 fxg3 38. Rb6 Kg5 39. Kxg3 Rd7 40. h4+ Kf6 41. c5 Rg7+ 42. Kf3 Ke5 43. Rxd6 Kd4 44. c6 Bc8 45. Rxh6 Rf7+ 46. Kg3 Kxe4 47. Rh8 Rc7 48. Rh5 Bf5 49. Rg5 a5 50. h5 Rc8 51. h6 Rh8 52. c7 Bc8 53. h7 Rxh7 54. Rg8 Rxc7 55. d6 Rc6 56. Rd8 Rc4 57. d7 Bxd7 58. Rxd7 Rxa4 59. Re7+ Kd3 60. Kf3 Kc2 61. Re2+ Kd1 62. Kf2 Ra3 63. Re1+ Kc2 64. Re2+ Kb3 65. Ke1 Ra1+ 66. Kf2 Ra2 67. Rxa2 Kxa2 68. Kf1 Kb2 69. Ke1 a4 70. Kd2 a3 71. Kd3 a2 72. Kd4 a1=Q 73. Kd5 Qa4 74. Kc5 Qe4 75. Kd6 Kc3 76. Kc7 Kc4 77. Kd6 Qf5 78. Kc6 Qd5+ 79. Kc7 Qe6 80. Kb7 Qd6 81. Ka7 Kb5 82. Ka8 Qd7 83. Kb8 Kc6 84. Ka8 Qb7# 0-1